| 000 | 02296nam0a2200349 4500 | ||
|---|---|---|---|
| 001 | RU\NLR\bibl\1209179 | ||
| 005 | 20260407090016.0 | ||
| 010 |
_a978-5-93272-503-0 _9300 |
||
| 021 |
_aRU _b2008-9147 _9510 |
||
| 035 | _a(NLR Aleph) 001195613 | ||
| 090 |
_a1744908 _c1744908 |
||
| 100 | _a20080402d2007 |||y0rusy50 ca | ||
| 101 | 0 | _arus | |
| 102 | _aRU | ||
| 105 | _aa ||||||||| | ||
| 200 | 1 |
_aРусский язык и культура речи _eучебное пособие для слушателей институтов и факультетов повышения квалификации, преподавателей, аспирантов и других профессионально-педагогических работников _e[учебное пособие-словарь для студентов нефилологических специальностей всех форм обучения] _fФедер. агентство по образованию, Гос. образоват. учреждение высш. проф. образования Нижегор. гос. техн. ун-т им. Р.Е. Алексеева _g[А.О. Велижанина и др. _gпод ред. В.В. Филатовой] |
|
| 210 |
_aНижний Новгород _cНижегородский государственный технический университет _d2007 |
||
| 215 |
_a148 с. _cил. _d21 |
||
| 320 | _aБиблиогр.: с. 141-142 | ||
| 320 | _aАлф. перечень терминов: с. 113-140 | ||
| 606 | 1 |
_aРусский язык _jУчебные издания для высших учебных заведений _xКультура речи _91542537 _3RU\NLR\auth\66973867 |
|
| 686 | _aШ141.12-923-72 | ||
| 702 | 1 |
_aВелижанина _bА. О. _gАнна Олеговна _4220 |
|
| 702 | 1 |
_aФилатова _bВ. В. _gВалентина Вячеславовна _4340 |
|
| 712 | 0 | 2 |
_4570 _aНижегородский государственный технический университет им. Р. Е. Алексеева _3RU\NLR\AUTH\8813523 _9300053 |
| 801 | 0 |
_aRU _bNLR _c20080402 _gRCR |
|
| 801 | 1 |
_aRU _bNLR _c20080402 |
|
| 830 | _aсост. и ред. по кн. | ||
| 942 | _cBOOK | ||
| 980 | _aNB | ||
| 980 | _aNBR | ||